Nguyễn Bính: Tác phẩm và lời bình /
Guardado en:
| Otros Autores: | |
|---|---|
| Formato: | Libro |
| Lenguaje: | Vietnamese |
| Publicado: |
H. :
van hoc,
2007.
2007. |
| Materias: | |
| Etiquetas: |
Agregar Etiqueta
Sin Etiquetas, Sea el primero en etiquetar este registro!
|
| Thư viện lưu trữ: | Mạng thư viện Đại học Đà Nẵng |
|---|
| LEADER | 01011nam a22003131a 4500 | ||
|---|---|---|---|
| 001 | 000039294 | ||
| 003 | 15589 | ||
| 005 | 20210511092424.0 | ||
| 008 | 160412s2007 000 | ||
| 020 | |c 44000đ |d 1000b | ||
| 041 | |a vie | ||
| 082 | 1 | 4 | |a 895.9221 |b NG-B |
| 245 | 0 | |a Nguyễn Bính: Tác phẩm và lời bình / |c Tôn Thảo Miên Dịch. | |
| 260 | |c 2007. | ||
| 260 | |a H. : |b van hoc, |c 2007. | ||
| 300 | |a 291 tr. ; |c 24 cm. | ||
| 650 | |a Nhật ký trong tù: Tác phẩm và lời bình | ||
| 653 | |a Nhat ky trong tu | ||
| 700 | |a Tôn Thảo Miên |e dich | ||
| OWN | |a LNN | ||
| OWN | |a LNN | ||
| 902 | |a TKV | ||
| AVA | |a UDN50 |b LNN |d 895.9221 NG-B |e available |t Error 5001 Not defined in file expand_doc_bib_avail. |f 3 |g 0 |h N |i 0 | ||
| 999 | |a From the UDN01 | ||
| AVA | |a UDN50 |b LNN |d 895.9221 NG-B |e available |t Error 5001 Not defined in file expand_doc_bib_avail. |f 3 |g 0 |h N |i 0 | ||
| TYP | |a Monograph | ||
| 980 | |a Mạng thư viện Đại học Đà Nẵng | ||